00517 2200193 4500001002100000005001500021008004100036020001800077035001900095041000700114082001000121090001600131100001900147245005600166260003500222300003800257500001100295650001700306INLIS00000000001966920241224115737241224||||||||| | ||| |||| || |  a602-99886-1-1 0010-1224019669 aid0 a635.7 a635.7 MAY s0 aMaya Apriyanti00a10 Tanaman Obat Paling Berkhasiat dan Paling Dicari aYogyakartabPustaka Baru Press a19,5x14 cm, xii, 214 hlm.; ilus.: aCet. 1 0aTanaman Obat